Normal view
MARC view
- Deans, Graeme K. KROEGER, FRITZ
Entry Personal Name
001 - CONTROL NUMBER
- control field: 55680
003 - CONTROL NUMBER IDENTIFIER
- control field: NUST
005 - DATE AND TIME OF LATEST TRANSACTION
- control field: 20210628201529.0
008 - FIXED-LENGTH DATA ELEMENTS
- fixed length control field: 210628|| aca||aabn | a|a d
040 ## - CATALOGING SOURCE
- Original cataloging agency: NUST
- Transcribing agency: NUST
100 ## - HEADING--PERSONAL NAME
- Personal name: Deans, Graeme K. KROEGER, FRITZ
670 ## - SOURCE DATA FOUND
- Source citation: Work cat.: (NUST): Deans, Graeme K. KROEGER, FRITZ, Stretch! :how great companies grow in good times and bad, c2004.
